Normal view
MARC view
- اللغة العربية-مختصر النحو العربي-قواعد
Entry Topical Term
001 - CONTROL NUMBER
- control field: 13387
003 - CONTROL NUMBER IDENTIFIER
- control field: JO-AjAnu
005 - DATE AND TIME OF LATEST TRANSACTION
- control field: 20230606072436.0
008 - FIXED-LENGTH DATA ELEMENTS
- fixed length control field: 230606|| aca||aabn | a|a d
040 ## - CATALOGING SOURCE
- Original cataloging agency: JO-AjAnu
- Transcribing agency: JO-AjAnu
150 ## - HEADING--TOPICAL TERM
- Topical term or geographic name entry element: اللغة العربية-مختصر النحو العربي-قواعد
670 ## - SOURCE DATA FOUND
- Source citation: Work cat.: (JO-AjAnu)6888: عبد البديع، محمد, author 13386, مختصر النحو العربي: عرض مبسط وافٍ مع دراسة موضحة للقواعد بأمثلة معربة